000 00569nam a2200169 i 4500
001 148639
003 ES-MaACL
005 20230906202735.0
007 t|
008 070214s1915 sp r ||||1| spa d
100 1 _aSuárez de Figueroa y Cazeaux, José.
_9108606
245 1 0 _aSíncope determinado por influencia de la imaginación /
_cJosé Suárez de Figueroa y Cazeaux.
260 _aBarcelona :
_b[s. n.],
_c1915 (
_fImp. de Pedro Ortega)
300 _a8 p. ;
_c21 cm.
594 _aPrecede al tít.: De clínica psiquiátrica.
852 _aES-MaACL
_jT-1448-F-6
999 _c148639
_d148639